000 00411nam a22001577a 4500
005 20231128131518.0
008 231128b |||||||| |||| 00| 0 eng d
041 _aEnglish
082 _a340.06 LEG
100 _lEnglish
245 _aGovernment Gazette of the Republic of Namibia
260 _c1995
300 _c33 cm.
650 _aLegal practice
_bLaw
942 _cBK
_6ALISON_BN_VRIES
999 _c1014
_d1014